Ecología /

Guardado en:
Autor Principal: Theron, Andre
Otros Autores: Vallin, J
Formato: Libro
Publicado: España : Montaner y Simon, 1978
Materias:
Etiquetas: Agregar Etiqueta
Sin Etiquetas, Sea el primero en etiquetar este registro!
LEADER 00669nam a22002055a 4500
001 CEM.cems006231
005 20060214000000.0
008 130507s1978##################000#0#####d
003 CEMS
082 0 4 |a 574.5 
100 1 |a Theron, Andre 
245 1 0 |a Ecología / 
260 |a España :  |b Montaner y Simon,  |c 1978 
300 |a 133 p. 
505 0 |a Genoma eucari¢tico.-Desarrollo embrionario.-La c'lula y su entorno. -N£cleo, citoplasma, membrana plasm tica.-Sist. inmunol¢gico: anticuerpos. -ADN. 
653 |a Ecologia 
653 |a Etologia 
653 |a Naturaleza-proteccion de la 
700 1 |a Vallin, J 
859 |a CEMS  |b BIB. CEMS - 11 de abril  |h 574.5  |i T343  |p 7644.80  |t Ej.1